[Event "ARG-ch sf 98th"]
[Site "Buenos Aires"]
[Date "2023.05.07"]
[Round "9"]
[White "Chiappero, Julio Alfredo"]
[Black "Tohme, Jose Luis"]
[Result "1-0"]
[WhiteElo "2015"]
[BlackElo "1599"]
[PlyCount "123"]
[EventDate "2023.04.29"]
[EventType "swiss"]
[EventRounds "9"]
[EventCountry "ARG"]
[SourceTitle "EXT 2024"]
[Source "ChessBase"]
[SourceDate "2023.10.10"]
[SourceVersion "1"]
[SourceVersionDate "2023.10.10"]
[SourceQuality "1"]

1. d4 f5 2. Bf4 Nf6 3. e3 g6 4. Nf3 Bg7 5. Bc4 e6 6. 0-0 0-0 7. c3 d6 8. Nbd2 Kh8 9. h3 Qe7 10. Bh2 Ne4 11. Bd3 Nxd2 12. Nxd2 e5 13. dxe5 dxe5 14. Bc4 Be6 15. Qb3 Bxc4 16. Nxc4 b6 17. Rad1 Nd7 18. Qb5 Nc5 19. b4 Ne4 20. Bxe5 Bxe5 21. Qxe5+ Qxe5 22. Nxe5 Rae8 23. f4 Re7 24. c4 Nd6 25. c5 Nf7 26. Nxf7+ Rfxf7 27. Kf2 Re4 28. cxb6 cxb6 29. a3 Rfe7 30. Rd3 Rc4 31. Rfd1 Rc2+ 32. Kf3 Rc4 33. Rd7 Rce4 34. Rxe7 Rxe7 35. b5 Kg7 36. g4 h6 37. Rd5 Kf6 38. Ke2 Rc7 39. Kd3 Ke6 40. Re5+ Kf6 41. Rd5 Ke6 42. Rd8 Kf6 43. a4 Re7 44. Rd6+ Kg7 45. a5 bxa5 46. Ra6 Rd7+ 47. Kc4 Rc7+ 48. Kd5 Re7 49. Rxa5 Rb7 50. Kc6 Re7 51. Ra3 fxg4 52. hxg4 h5 53. g5 h4 54. e4 h3 55. e5 Kf7 56. Rxh3 Ke6 57. Rh8 Rf7 58. Re8+ Kf5 59. e6 Rg7 60. Kd6 Rb7 61. Rf8+ Ke4 62. e7 1-0

[Event "ARG-ch sf 98th"]
[Site "Buenos Aires"]
[Date "2023.05.05"]
[Round "7"]
[White "Chiappero, Julio Alfredo"]
[Black "Campos, Maria Jose"]
[Result "0-1"]
[WhiteElo "2015"]
[BlackElo "2236"]
[PlyCount "90"]
[EventDate "2023.04.29"]
[EventType "swiss"]
[EventRounds "9"]
[EventCountry "ARG"]
[SourceTitle "CBM 214 Extra"]
[Source "ChessBase"]
[SourceDate "2023.07.31"]
[SourceVersion "1"]
[SourceVersionDate "2023.07.31"]
[SourceQuality "1"]

1. d4 Nf6 2. Bf4 d5 3. e3 e6 4. Nf3 c5 5. c3 Bd6 6. Ne5 Qc7 7. Nd2 Nbd7 8. Ndf3 0-0 9. Bd3 b6 10. 0-0 a5 11. Qe2 Bb7 12. Nxd7 Nxd7 13. Ne5 Nf6 14. Rac1 a4 15. g4 Nd7 16. Nxd7 Qxd7 17. Bxd6 Qxd6 18. f4 a3 19. b3 c4 20. bxc4 dxc4 21. Bxc4 Qc6 22. Kf2 Rfc8 23. Bd3 Ra5 24. Rg1 Rc7 25. Rg3 Qd6 26. g5 g6 27. Qg4 Bd5 28. Qe2 Ra4 29. Qd2 Bc4 30. e4 Bxa2 31. f5 exf5 32. exf5 Bc4 33. Re1 Rc8 34. Qc2 b5 35. Bxc4 Raxc4 36. fxg6 hxg6 37. Qb3 b4 38. cxb4 Qxd4+ 39. Qe3 Rc2+ 40. Kf1 Qc4+ 41. Qd3 a2 42. Qxc4 R8xc4 43. Rg2 Kf8 44. Rxc2 Rxc2 45. b5 Rb2 0-1

[Event "ARG-ch 96th"]
[Site "Buenos Aires"]
[Date "2022.06.07"]
[Round "6"]
[White "Fiorito, Joaquin"]
[Black "Chiappero, Julio Alfredo"]
[Result "1-0"]
[WhiteElo "2272"]
[BlackElo "2046"]
[PlyCount "41"]
[EventDate "2022.06.02"]
[EventType "swiss"]
[EventRounds "11"]
[EventCountry "ARG"]
[SourceTitle "CBM 208 Extra"]
[Source "ChessBase"]
[SourceDate "2022.07.31"]
[SourceVersion "1"]
[SourceVersionDate "2022.07.31"]
[SourceQuality "1"]

1. e4 c5 2. Nf3 e6 3. d4 cxd4 4. Nxd4 Nf6 5. Nc3 Nc6 6. Ndb5 Bb4 7. a3 Bxc3+ 8. Nxc3 d5 9. exd5 exd5 10. Bd3 0-0 11. 0-0 h6 12. Bf4 d4 13. Ne2 Bg4 14. f3 Bh5 15. Qd2 Bg6 16. Rad1 Re8 17. Kh1 Qb6 18. b4 Rad8 19. Ng3 Ne7 20. Be5 Bxd3 21. Qxd3 1-0

[Event "ARG-ch Amateur U2000"]
[Site "San Martin"]
[Date "2019.11.16"]
[Round "4.6"]
[White "Lopez, Luis"]
[Black "Chiappero, Julio Alfredo"]
[Result "1-0"]
[WhiteElo "1932"]
[BlackElo "1767"]
[PlyCount "60"]
[EventDate "2019.11.15"]
[EventType "swiss"]
[EventRounds "8"]
[EventCountry "ARG"]
[SourceTitle "EXT 2024"]
[Source "ChessBase"]
[SourceDate "2023.10.10"]
[SourceVersion "1"]
[SourceVersionDate "2023.10.10"]
[SourceQuality "1"]

1. Nf3 Nf6 2. g3 g6 3. b3 Bg7 4. Bb2 0-0 5. Bg2 c6 6. c4 d6 7. d4 Bf5 8. 0-0 Qc8 9. Re1 Bh3 10. Bh1 Bg4 11. Nbd2 Nbd7 12. Qc2 Qc7 13. e4 Bxf3 14. Nxf3 e5 15. dxe5 Nxe5 16. Nd4 Nfd7 17. f4 Ng4 18. h3 Qb6 19. Rad1 Ngf6 20. Kh2 Nh5 21. Nf3 Bxb2 22. Qxb2 Nc5 23. Rxd6 Rad8 24. Qd4 Rxd6 25. Qxd6 Rd8 26. Qe7 Nd3 27. Re2 Nc1 28. c5 Qa5 29. b4 Qb5 30. Qxd8+ Kg7 1-0

[Event "ARG-ch U14"]
[Site "Buenos Aires"]
[Date "2019.03.04"]
[Round "7.3"]
[White "Chiappero, Julio Alfredo"]
[Black "Farhat, Francisco"]
[Result "0-1"]
[WhiteElo "1816"]
[BlackElo "1544"]
[PlyCount "123"]
[EventDate "2019.03.01"]
[EventType "swiss"]
[EventRounds "9"]
[EventCountry "ARG"]
[SourceTitle "EXT 2024"]
[Source "ChessBase"]
[SourceDate "2023.10.10"]
[SourceVersion "1"]
[SourceVersionDate "2023.10.10"]
[SourceQuality "1"]

1. d4 e6 2. Bf4 Nf6 3. e3 d5 4. Bd3 c5 5. c3 Nc6 6. Nf3 Bd6 7. Bg3 Qe7 8. 0-0 0-0 9. Ne5 Bxe5 10. dxe5 Nd7 11. f4 f6 12. Qc2 f5 13. Qf2 c4 14. Bc2 Nc5 15. Nd2 b5 16. Bh4 Qc7 17. a3 Bd7 18. Nf3 Be8 19. Nd4 Nxd4 20. exd4 Ne4 21. Bxe4 fxe4 22. g4 Bg6 23. Bg3 Qd7 24. Qe3 Rf7 25. h4 h5 26. f5 exf5 27. Qg5 Qe6 28. gxh5 Bh7 29. Bf4 Kh8 30. Kf2 Rg8 31. Ke3 g6 32. h6 a5 33. Qg3 a4 34. Bg5 Rc8 35. Bf6+ Rxf6 36. exf6 Qxf6 37. Qe5 Rf8 38. Rf4 Qxe5 39. dxe5 Bg8 40. Rg1 Kh7 41. h5 gxh5 42. Rg5 Kxh6 43. Rfxf5 Rxf5 44. Rxf5 Kg6 45. Kf4 Bf7 46. Rg5+ Kh6 47. Rg1 Be6 48. Ke3 h4 49. Kd4 h3 50. Kc5 Kh5 51. Kd6 Bg4 52. Kxd5 e3 53. e6 h2 54. Re1 Bxe6+ 55. Kxe6 Kg4 56. Ke5 Kf3 57. Kd4 e2 58. Rh1 Kg2 59. Re1 Kf2 60. Rh1 e1Q 61. Rxh2+ Kf3 62. Rh8 0-1

[Event "ARG-ch sf U2300"]
[Site "Rio Hondo"]
[Date "2018.03.09"]
[Round "1.7"]
[White "Chiappero, Julio Alfredo"]
[Black "Belmonte, Diego Jose"]
[Result "0-1"]
[WhiteElo "1624"]
[BlackElo "1963"]
[PlyCount "66"]
[EventDate "2018.03.09"]
[EventType "swiss"]
[EventRounds "6"]
[EventCountry "ARG"]
[SourceTitle "EXT 2024"]
[Source "ChessBase"]
[SourceDate "2023.10.10"]
[SourceVersion "1"]
[SourceVersionDate "2023.10.10"]
[SourceQuality "1"]

1. d4 Nf6 2. c4 g6 3. Nc3 Bg7 4. e4 d6 5. f4 0-0 6. Nf3 c5 7. d5 e6 8. dxe6 Bxe6 9. Bd3 Nc6 10. f5 Bd7 11. 0-0 Ng4 12. Nd5 Nd4 13. h3 Nxf3+ 14. Qxf3 Bd4+ 15. Kh1 Ne5 16. Qg3 f6 17. Bh6 Rf7 18. fxg6 hxg6 19. Be2 Bc6 20. Bh5 Kh7 21. Nf4 gxh5 22. Qh4 Bxe4 23. Qxh5 Kg8 24. Rae1 Bh7 25. Ne6 Qd7 26. Nf4 Re8 27. Nd5 Ng6 28. Rxe8+ Qxe8 29. Qg4 Kh8 30. h4 Ne5 31. Qh3 Qd7 32. Qg3 Qg4 33. Qxg4 Nxg4 0-1

[Event "ARG-ch U12"]
[Site "Villa Martelli"]
[Date "2018.02.10"]
[Round "3.1"]
[White "Hilgert, Gonzalo"]
[Black "Chiappero, Julio Alfredo"]
[Result "0-1"]
[WhiteElo "1329"]
[BlackElo "1578"]
[PlyCount "78"]
[EventDate "2018.02.09"]
[EventType "swiss"]
[EventRounds "9"]
[EventCountry "ARG"]
[SourceTitle "EXT 2024"]
[Source "ChessBase"]
[SourceDate "2023.10.10"]
[SourceVersion "1"]
[SourceVersionDate "2023.10.10"]
[SourceQuality "1"]

1. e4 c5 2. Nf3 e6 3. c3 Nf6 4. d3 a6 5. Nbd2 b5 6. d4 d5 7. e5 Nfd7 8. Bd3 Nc6 9. 0-0 Qb6 10. dxc5 Bxc5 11. Qe2 Bb7 12. Nb3 d4 13. Nxc5 Qxc5 14. cxd4 Nxd4 15. Nxd4 Qxd4 16. Re1 0-0 17. Bc2 Rac8 18. Bb3 Rc7 19. Bd2 Qxb2 20. Bb4 Qxe2 21. Rxe2 Rfc8 22. Ree1 Nc5 23. Bc2 Bd5 24. Re2 Nb7 25. Bb3 Rc1+ 26. Rxc1 Rxc1+ 27. Re1 Rxe1+ 28. Bxe1 Bxb3 29. axb3 Nc5 30. Bc3 Nxb3 31. Kf1 Kf8 32. Ke2 Ke7 33. Kd3 Kd7 34. Kc2 Nc5 35. Bd4 Kc6 36. Kc3 Kd5 37. Be3 a5 38. f3 b4+ 39. Kb2 Nd3+ 0-1

[Event "ARG-ch Amateur U1700"]
[Site "Suipacha"]
[Date "2017.11.17"]
[Round "2.10"]
[White "Chiappero, Julio Alfredo"]
[Black "Lugo, Ezequiel"]
[Result "1-0"]
[WhiteElo "1458"]
[BlackElo "1615"]
[PlyCount "59"]
[EventDate "2017.11.17"]
[EventType "swiss"]
[EventRounds "9"]
[EventCountry "ARG"]
[SourceTitle "EXT 2024"]
[Source "ChessBase"]
[SourceDate "2023.10.10"]
[SourceVersion "1"]
[SourceVersionDate "2023.10.10"]
[SourceQuality "1"]

1. e4 c5 2. Nf3 e6 3. Nc3 a6 4. d4 cxd4 5. Nxd4 Qc7 6. Bd3 Nc6 7. Nxc6 dxc6 8. 0-0 Nf6 9. Qe2 e5 10. Kh1 Bd6 11. Bd2 0-0 12. Rae1 b5 13. Bg5 Nd7 14. Qh5 Nc5 15. Re3 g6 16. Qh4 Re8 17. g4 Ne6 18. Bf6 Be7 19. g5 Nf4 20. Ne2 Nh5 21. Ng3 Nxf6 22. gxf6 Bf8 23. Nf5 Bxf5 24. exf5 Rad8 25. Rh3 h6 26. fxg6 Rd4 27. gxf7+ Qxf7 28. Rg1+ Bg7 29. Qxh6 Qd5+ 30. f3 1-0